| 000 | 00505 a2200169 4500 | ||
|---|---|---|---|
| 003 | OSt | ||
| 005 | 20250704110825.0 | ||
| 008 | 250704b |||||||| |||| 00| 0 eng d | ||
| 020 | _a9788123917221 | ||
| 040 | _coclc | ||
| 082 |
_a543.08 _bGRA/I |
||
| 100 |
_aGray, N _910604 |
||
| 245 |
_aInstrumental methods of analysis / _cN Gray, M Calvin, S C Bhatia |
||
| 260 |
_aNew Delhi: _bCBS Publishers, _c2011. |
||
| 300 | _a584 pages | ||
| 942 |
_2ddc _cBK _h543.08 _iGRA/I _k543.08 _mGRA/I |
||
| 999 |
_c44607 _d44607 |
||